00445 2200181 4500001002100000005001500021008004100036020001800077035001900095041000700114082000800121090001400129100002000143245003100163260003100194300002100225650001700246INLIS00000000001823220241224115450241224||||||||| | ||| |||| || |  a979-39-0435-9 0010-1224018232 aid0 a813 a813 AMI m0 aArleen Amidjaja00aMeeting Todi: Bertemu Todi aSolobTiga Serangkaic2006 a19hlm;20x19.5 cm 0aKesusastraan